[Event "Gallipoli Salento op 9th"]
[Site "Gallipoli"]
[Date "2020.09.24"]
[Round "7"]
[White "Silini, Riccardo"]
[Black "Galante, Benedetto"]
[Result "0-1"]
[WhiteElo "1563"]
[BlackElo "1481"]
[PlyCount "132"]
[EventDate "2020.09.19"]
[EventType "swiss"]
[EventRounds "9"]
[EventCountry "ITA"]
[SourceTitle "CBM 198 Extra"]
[Source "ChessBase"]
[SourceDate "2020.11.30"]
[SourceVersion "1"]
[SourceVersionDate "2020.11.30"]
[SourceQuality "1"]

1. Nf3 e6 2. b3 Nf6 3. Bb2 Be7 4. c4 b6 5. g3 Bb7 6. Bg2 d6 7. 0-0 0-0 8. Nc3 Nbd7 9. d4 c6 10. e3 Rc8 11. Rc1 c5 12. Re1 Re8 13. Qe2 Nf8 14. Red1 Qc7 15. Nb5 Qb8 16. Nc3 Ng6 17. Rd2 Rcd8 18. Rcd1 Qa8 19. dxc5 dxc5 20. Rxd8 Rxd8 21. Rxd8+ Bxd8 22. Ne1 Bxg2 23. Nxg2 Qc6 24. Ne1 Be7 25. Qd1 h5 26. Ne2 e5 27. Nc3 h4 28. Nd5 h3 29. Nxe7+ Nxe7 30. Qd8+ Qe8 31. Qxe8+ Nxe8 32. Bxe5 Nc6 33. Bb2 Nd6 34. Nd3 Ne4 35. f3 Ng5 36. Kf2 f5 37. Ne5 Nd8 38. Bc1 Nge6 39. g4 fxg4 40. Nxg4 Ng5 41. Bb2 Nge6 42. Be5 a6 43. Kg3 b5 44. Nf2 Nf7 45. Bb2 bxc4 46. f4 Nd6 47. Be5 cxb3 48. Bxd6 b2 49. f5 Nf8 50. Bxc5 b1Q 51. Kxh3 Qxa2 52. Ng4 Nd7 53. Bd4 a5 54. Kh4 Qg2 55. Kg5 Kf7 56. h4 Nf6 57. Bxf6 gxf6+ 58. Kf4 Qf1+ 59. Ke4 Qg2+ 60. Kf4 a4 61. h5 a3 62. h6 Qh3 63. e4 Qh4 64. e5 Qg5+ 65. Kg3 fxe5 66. Kh3 Qxf5 0-1

[Event "Gallipoli Salento op 9th"]
[Site "Gallipoli"]
[Date "2020.09.21"]
[Round "3"]
[White "Coppola, Giuseppe"]
[Black "Galante, Benedetto"]
[Result "0-1"]
[WhiteElo "1440"]
[BlackElo "1481"]
[PlyCount "114"]
[EventDate "2020.09.19"]
[EventType "swiss"]
[EventRounds "9"]
[EventCountry "ITA"]
[SourceTitle "CBM 198 Extra"]
[Source "ChessBase"]
[SourceDate "2020.11.30"]
[SourceVersion "1"]
[SourceVersionDate "2020.11.30"]
[SourceQuality "1"]

1. e4 b6 2. Nf3 Bb7 3. Nc3 e6 4. d3 Nf6 5. Bg5 Be7 6. Be2 d6 7. e5 dxe5 8. Nxe5 Nbd7 9. Bf3 Bxf3 10. Nxf3 Ng4 11. Bxe7 Qxe7 12. 0-0 0-0 13. h3 Ngf6 14. d4 c5 15. dxc5 Nxc5 16. Qe2 Rfd8 17. Rfd1 Qc7 18. Qe5 Qc6 19. Rxd8+ Rxd8 20. Rd1 Rxd1+ 21. Nxd1 Qd7 22. Qd4 Qc7 23. Nc3 h6 24. Nb5 Qb8 25. Qd6 Qb7 26. Qc7 Qxc7 27. Nxc7 Kf8 28. Nb5 a5 29. Kf1 Nfd7 30. Ke2 Ke7 31. Ke3 e5 32. Nd2 f5 33. f4 exf4+ 34. Kxf4 g6 35. g4 fxg4 36. hxg4 Kf6 37. Nd6 Ne6+ 38. Kg3 h5 39. N6e4+ Ke5 40. gxh5 gxh5 41. Kh4 Nd4 42. c3 Nf3+ 43. Kxh5 Nxd2 44. Nxd2 Kf4 45. b3 Ke3 46. Nb1 Kd3 47. c4 Kc2 48. Na3+ Kb2 49. Nb5 Kxa2 50. Nd4 Nc5 51. b4 axb4 52. Kg4 b3 53. Nxb3 Kxb3 54. Kf4 Kxc4 55. Ke3 Kc3 56. Ke2 Nd3 57. Kd1 b5 0-1

[Event "Terre degli Elimi op 4th"]
[Site "Erice"]
[Date "2013.07.26"]
[Round "4"]
[White "Galante, Benedetto"]
[Black "Iannello, Antonio"]
[Result "0-1"]
[WhiteElo "1518"]
[BlackElo "1852"]
[PlyCount "92"]
[EventDate "2013.07.24"]
[EventType "swiss"]
[EventRounds "7"]
[EventCountry "ITA"]
[SourceTitle "EXT 2015"]
[Source "ChessBase"]
[SourceDate "2014.11.20"]
[SourceVersion "1"]
[SourceVersionDate "2014.11.20"]
[SourceQuality "1"]

1. e4 c5 2. Nc3 Nc6 3. f4 e6 4. Nf3 Nge7 5. d3 g6 6. g3 Bg7 7. Bg2 0-0 8. 0-0 d5 9. Qe1 a6 10. Bd2 b5 11. Rb1 Bb7 12. Nd1 Rc8 13. g4 Nd4 14. Nxd4 cxd4 15. c3 dxe4 16. dxe4 Nc6 17. cxd4 Nxd4 18. Ne3 Nc2 19. Qe2 Bd4 20. Kh1 Qb6 21. Nxc2 Rxc2 22. Qd3 Rxb2 23. Rxb2 Bxb2 24. Qe2 Rd8 25. Qe1 Qd4 26. Be3 Qd3 27. e5 Bxg2+ 28. Kxg2 Qe4+ 29. Kg1 Rd3 30. Bb6 Qd5 31. Qe2 Rd2 32. Qf3 Bd4+ 33. Bxd4 Qxd4+ 34. Kh1 Rxa2 35. h4 Ra1 36. Rxa1 Qxa1+ 37. Kh2 Qa2+ 38. Kh3 Qd5 39. Qf1 a5 40. h5 Kg7 41. Qe1 Qd3+ 42. Kh4 b4 43. h6+ Kxh6 44. g5+ Kg7 45. Qf2 b3 46. Qa7 Qd8 0-1

[Event "Amantea op-B 9th"]
[Site "Amantea"]
[Date "2011.09.08"]
[Round "5"]
[White "Galante, Benedetto"]
[Black "Rubino, Giovanni"]
[Result "1/2-1/2"]
[WhiteElo "1682"]
[BlackElo "1434"]
[PlyCount "83"]
[EventDate "2011.09.04"]
[EventType "swiss"]
[EventRounds "8"]
[EventCountry "ITA"]
[SourceTitle "EXT 2014"]
[Source "ChessBase"]
[SourceDate "2013.11.20"]
[SourceVersion "1"]
[SourceVersionDate "2013.11.20"]
[SourceQuality "1"]

1. e4 e5 2. Nf3 Nc6 3. Bc4 Be7 4. c3 d6 5. d3 Nf6 6. Nbd2 0-0 7. 0-0 d5 8. Bb5 dxe4 9. Bxc6 exf3 10. Bxf3 Qxd3 11. Be2 Qg6 12. Kh1 e4 13. f3 e3 14. Nc4 Bc5 15. Bxe3 Bxe3 16. Nxe3 Be6 17. Bd3 Qg5 18. Re1 Rad8 19. Qc2 g6 20. Re2 Rd7 21. Nf1 Rfd8 22. Be4 Nxe4 23. Qxe4 Rd1 24. Re1 Rxe1 25. Rxe1 c6 26. b3 Re8 27. Qc2 Re7 28. Rd1 Rd7 29. Nd2 Bf5 30. Ne4 Bxe4 31. fxe4 Rxd1+ 32. Qxd1 Qe3 33. Qd8+ Kg7 34. Qd4+ Qxd4 35. cxd4 f5 36. e5 f4 37. Kg1 Kf7 38. Kf2 Ke6 39. Kf3 g5 40. g4 Kd5 41. e6 Kxe6 42. Ke4 1/2-1/2